Responses for show #6647 - Tuesday, July 9, 2013

Ben Ingram game 7.

Contestants

[<< previous game]

Jeremy Husen, a train dispatcher from Omaha, Nebraska

Liz Kelly, a tax attorney from Chicago, Illinois

Ben Ingram, an IT consultant originally from Florence, South Carolina (whose 6-day cash winnings total $137,732)

[next game >>]

Jeopardy! Round responses

AGRICULTURE
UNOFFICIAL STATE NICKNAMES
IN LIVING COLOR
EMMY'S BEST COMEDY SERIES
LET'S TALK TURKISH
JIMMY WORKS OUT
(Alex: Our Jimmy McGuire works out right here on the lot at the Sony gym.)
    $200 23
corn

Ben
    $200 24
Hawaii

Ben
    $200 26
the Purple Heart

Liz
    $200 5
Friends

Jeremy
    $200 29
man

Ben
    $200 7
cardio

Jeremy
    $400 28
cattle

Triple Stumper
    $400 25
Pennsylvania

Ben
    $400 27
gray

Jeremy
    $400 6
Sex and the City

Liz
    $400 30
price

Liz
    $400 19
the pectorals

Jeremy
    $600 16
insurance

Liz
    $600 1
Alabama

Ben
    $600 13
Maroon 5

Ben
    $600 8
The Monkees

Liz
    $600 4
an elevator

Jeremy
    $600 20
Superman

Liz
    $800 17
a brood

Triple Stumper
    $800 2
(Liz: What is Alaska?)

California

BenLiz
    $800 14
(Liz: What is a rainbow trout?)

orange roughy

Liz
Triple Stumper
    $800 9
Seinfeld

Jeremy
    $800 11
the hospital

Ben
    $800 21
the latissimus dorsi

Jeremy
    $1000 18
petroleum

Jeremy
    $1000 3
Arkansas

Triple Stumper
    $1000 15
blue and green

Ben
    $1000 10
Modern Family

Ben
    $1000 12
(Alex: Sounds like the French word, maillot.)

swimsuit

Triple Stumper
    $1,000 22
the obliques

Jeremy

Scores at the first commercial break (after clue 15):

Ben Liz Jeremy
$4,800 -$600 $1,800

Scores at the end of the Jeopardy! Round:

Ben Liz Jeremy
$5,800 $1,200 $5,400

Double Jeopardy! Round responses

LITERARY BAD GUYS
NEW INVENTIONS
MOVIE SONGS
PRINCE ALBERT
IN A CAN
BETTER LET "IM" OUT
(Each response is two words - one will have "IM" those two letters in it at the beginning and the other word will be absent those letters.)
    $400 22
Professor Moriarty

Liz
    $400 20
Nike

Jeremy
    $400 24
Bette Midler

Liz
    $400 14
Germany

Ben
    $400 16
Campbell's

Liz
    $400 18
Immanuel and Manuel

Ben
    $800 21
sign language

Jeremy
    $800 25
"Gonna Fly Now"

Jeremy
    $800 15
(Liz: What is Royal Albert Hall?)
(Ben: What is Albert Hall?)

the Victoria and Albert Museum

BenLiz
Triple Stumper
    $800 17
bacon

Ben
    $800 19
impact and pact

Ben
    $1200 28
Iago

Liz
    $1200 12
Google

Ben
    $1200 1
Ted

Jeremy
    $1200 5
(Ben: What is regent?)

Prince Consort

Ben
Triple Stumper
    $1200 8
a Cheeseburger

Ben
    $1200 4
impale and pale

Ben
    $1600 27
(Jeremy: Who is Colonel Kurtz?)
(Alex: It's [*]; we're talking about the book, not the motion picture.)

Mister Kurtz

Jeremy
Triple Stumper
    $2,900 13
a rocket

Ben
    $1600 2
The Jungle Book

Liz
    $1600 6
The Great Exhibition

Ben
    $1600 9
Dole

Liz
    $1600 11
impaired and paired

Ben
    $2000 26
Billy Budd

Jeremy
    $2000 29
[end-of-round signal sounds]

James Cameron

Liz
    $2000 3
Magnolia

Liz
    $4,000 7
Idylls of the King

Ben
    $2000 10
Prosecco

Triple Stumper
    $2000 23
impediment & pediment

Triple Stumper

Scores at the end of the Double Jeopardy! Round:

Ben Liz Jeremy
$19,900 $10,000 $9,000

[wagering suggestions for these scores]

Final Jeopardy! Round responses

NATIONAL OFFICIAL LANGUAGES
JeremyWhat is Bhutan
$9,000
LizWhat is Sri Lanka
$9,901
BenWhat is Singapore?
$101
Singapore

Final scores:

Ben Liz Jeremy
$20,001 $99 $0
7-day champion: $157,733 2nd place: $2,000 3rd place: $1,000

Game dynamics:

Coryat scores:

Ben Liz Jeremy
$16,600 $10,000 $9,000
21 R
(including 2 DDs),
2 W
14 R,
3 W
14 R
(including 1 DD),
1 W

Combined Coryat: $35,600

The J! Archive is created by fans, for fans. The Jeopardy! game show and all elements thereof, including but not limited to copyright and trademark thereto, are the property of Jeopardy Productions, Inc. and are protected under law. This website is not affiliated with, sponsored by, or operated by Jeopardy Productions, Inc. Join the discussion at JBoard.tv.